Producción moderna de semillas : tomo ii /

Guardado en:
Autor Principal: Hebblethwaite, P. D.
Formato: Libro
Publicado: Montevideo : Hemisferio Sur, s/f
Materias:
Etiquetas: Agregar Etiqueta
Sin Etiquetas, Sea el primero en etiquetar este registro!
LEADER 00690nam a22001935a 4500
001 CEM.cems017582
005 20110517113911.0
008 130507b######################000#0#####d
003 CEMS
020 |a 0408106212 
082 0 4 |a 631.521 
100 1 |a Hebblethwaite, P. D. 
245 1 0 |a Producción moderna de semillas :  |b tomo ii /  |c P. D. Hebblethwaite 
260 |a Montevideo :  |b  Hemisferio Sur, s/f 
300 |a 396 p. 
505 0 |a Producción de semilla de soja y de plantíos de árboles -- Producción de semillas hortícolas -- Calidad y vigor de la semilla 
653 |a Semillas 
653 |a Semillas-producción 
859 |a CEMS  |b BIB. CEMS - Agricultura  |h 631.521  |i H353  |p A1351.11  |t Ej.1  |v II  |3 II